La legislación nacional relacionada con el acceso de las mujeres a la tierra y a la propiedad Costa Rica /
Sábháilte in:
| Príomhchruthaitheoir: | |
|---|---|
| Formáid: | Anaithnid |
| Teanga: | Spanish |
| Foilsithe / Cruthaithe: |
San Jose, Costa Rica:
Fundación Arias para la Paz y el Progreso Humano Embajada Real de los Países Bajos
|
| Ábhair: | |
| Clibeanna: |
Cuir clib leis
Níl clibeanna ann, Bí ar an gcéad duine le clib a chur leis an taifead seo!
|
MARC
| LEADER | 00000 a2200000 04500 | ||
|---|---|---|---|
| 001 | 48403 | ||
| 003 | cru CIDCACS/IIS | ||
| 005 | 20190424113353.0 | ||
| 008 | 050612s19901991cr # spa d | ||
| 999 | |c 5957 |d 5957 | ||
| 020 | |a [sin ISBN] | ||
| 022 | |a [sin ISBN] | ||
| 040 | |c cru CIDCACS/IIS | ||
| 090 | |a 07.02.01 A473l | ||
| 100 | |a Alvarez, Gustavo | ||
| 245 | |a La legislación nacional relacionada con el acceso de las mujeres a la tierra y a la propiedad Costa Rica / |c elaboración de la publicación Gustavo Alvarez | ||
| 260 | |a San Jose, Costa Rica: |b Fundación Arias para la Paz y el Progreso Humano |b Embajada Real de los Países Bajos | ||
| 300 | |a 20 páginas |b Sin ilust. | ||
| 500 | |a Colección ALFORJA | ||
| 650 | |a LEGISLACION | ||
| 650 | |2 Macrothesauro de la OCDE/ | ||
| 650 | |a MUJERES | ||
| 650 | |2 Macrothesauro de la OCDE/ | ||
| 650 | |a ACCESO A LA TIERRA | ||
| 650 | |2 Listado unificado de CLACSO/ | ||
| 650 | |a TENENCIA DE LA TIERRA | ||
| 650 | |2 Macrothesauro de la OCDE/ | ||
| 651 | |a Costa Rica | ||
| 942 | |2 ddc |c LI | ||
